| 000 | 00558nam a2200181 i 4500 | ||
|---|---|---|---|
| 001 | 57040 | ||
| 003 | ES-MaACL | ||
| 005 | 20250824012559.0 | ||
| 007 | t| | ||
| 008 | 031014s1939 mx ||||1| spa d | ||
| 100 | 1 |
_aDíez-Canedo, Enrique, _d1879-1944 _944685 |
|
| 245 | 1 | 3 |
_aEl teatro y sus enemigos / _cEnrique Díez-Canedo. |
| 260 |
_aMéxico : _bLa Casa de España : _bFondo de Cultura Económica, _c1939. |
||
| 300 |
_a163 p. ; _c20 cm. |
||
| 650 | 7 |
_aTeatro _2embne _917290 |
|
| 852 |
_aES-MaACL _jD-6138 _bR.30231 |
||
| 999 |
_c57040 _d57040 |
||